Statistics for 中国内地最高电影票房收入

Click here to take the quiz!

General Stats

  • This quiz has been taken 599 times
    (578 since last reset)
  • The average score is 7 of 20

Answer Stats

排名年份票房产地片名% Correct
1201756.94亿中国大陆战狼2
84%
3201946.88亿中国大陆流浪地球
78%
7202135.8亿中国大陆你好,李焕英
61%
4201942.5亿美国复仇者联盟4:终局之战
57%
2201950.35亿中国大陆哪吒之魔童降世
44%
19201823.91亿美国复仇者联盟3:无限战争
40%
6201836.51亿中国大陆、香港红海行动
37%
12202031亿中国大陆我不是药神
33%
8201833.98亿中国大陆唐人街探案2
32%
10201931.71亿中国大陆我和我的祖国
31%
5202138亿中国大陆唐人街探案3
30%
9201633.97亿中国大陆、香港美人鱼
29%
18201524.26亿美国速度与激情7
21%
16201825.47亿中国大陆西虹市首富
20%
17201524.4亿中国大陆、香港捉妖记
20%
14202028.26亿中国大陆我和我的家乡
18%
15201726.7亿美国速度与激情8
18%
11201831.10亿中国大陆八佰
10%
13201929.12亿中国大陆中国机长
9%
20201822.37亿中国大陆、香港捉妖记2
9%

Score Distribution

Percentile by Number Answered

Percent of People with Each Score

Your Score History

You have not taken this quiz since the last reset